Joueurs français ayant joué à Galatasaray SK - Statistiques

Statistiques générales
  • Ce quiz a été pris 29 fois
  • Le résultat moyen est 4 sur 10
Statistiques - réponses
Année d'arrivée Année de départ Club précédant Club suivant Nombre de match Joueurs % Correct
2021 2024 Stade Rennais FC Bayern Munich 98 Sacha Boey
83%
2022 2023 Olympique Lyonnais Basaksehir FK 31 Léo Dubois
69%
2005 2005 FC Metz Olympique de Marseille 17 Franck Ribéry
59%
2023 2024 Tottenham Hotspur Tottenham Hotspur 26 Tanguy Ndombélé
59%
2017 2018 Swansea City Al-Hilal SFC 86 Bafétimbi Gomis
41%
2019 2020 AS Roma AS Roma 15 Steven Nzonzi
38%
2017 2018 FC Girondins de Bordeaux Fin de carrière 2 Cédric Carrasso
10%
1987 1988 Valenciennes FC Stade de Vallauris 25 Didier Six
3%
2015 2017 ESTAC Troyes Séville FC 67 Lionel Carole
3%
2001 2002 Olympique de Marseille Olympique de Marseille 33 Sébastien Pérez
0%
Aucun quiz correspondant
Distribution des résultats
% des personnes avec chaque résultat
Percentile par nombre de réponses
Votre historique - résultats
Vous n’avez pas pris ce quiz